00943cam a2200301 i 4500001000400000003001000004005001700014008004100031020001800072040004800090041000800138082002000146100001000166245004400176250002900220264005700249264001200306300001800318336002700336337003300363338002800396653001600424653001500440942000700455945001500462952014700477999001700624259CO-MdFUSB20221022092447.0221022t1997 sp ||||| |||| 00| 0 spa d a84-301-1342-8 bspa.aCO-MdFUSBcCO-MdFUSBdCO-MdFUSBCerda aspa04a296.123 bD367m eautor10aLa Misna / c/ Carlos del Valle, Editor a2 ed. revisada y corrida 1aSalamanca, España : bEdiciones Sígueme,c[1997] 4c© 1997 a1525 Pag.c;  2rdacontentatextobtxt 2rdamediaasin mediaciónbn 2rdacarrieravolumenbnc aJudaísmo  aMishnná  cBK aestudiante 001040708REFaFUSBCbFUSBCcCLASd2004-09-07l4oR 296.123 D367m p8594r2024-04-04 00:00:00s2016-06-10t1w2016-01-26yREFB0C3IINV2023 c31796d31796